000 00641nam a22002297a 4500
001 14508
003 BD-JhCC
005 20260126113826.0
008 260126b |||||||| |||| 00| 0 eng d
020 _a9789840423767
035 _a(BD-JhCC) 14508
040 _aBD-JhCC
_dBD-JhCC
041 _aeng
082 _223
_a954.035
_bKAI 2019
100 _aKaiser,Panna
245 _aFreedom Struggle:
_bA prologue & An Epilogue /
_cPanna Kaiser
260 _aDhaka:
_bAgamee Prakashani,
_c2019
300 _a240p.;
_c22 cm.
_ePaper binding
650 _aGeneral Social & Political Movements
650 _aHistory & Geography
942 _2ddc
_cBK
999 _c14508
_d14508